| 000 | 00704cam a2200205 i 4500 | ||
|---|---|---|---|
| 005 | 20260224094145.0 | ||
| 008 | 250721s2002 jo gr 000 0 ara d | ||
| 020 | _a995707282X | ||
| 082 | 1 | 4 |
_aم/415 _bس ا م |
| 100 | 1 |
_aالسامرائي، فاضل صالح _eمؤلف. |
|
| 245 | 1 | 2 |
_aالجملة العربية تأليفها وأقسامها / _cالدكتور فاضل صالح السامرائي. |
| 250 | _aالطبعة الأولى. | ||
| 264 | 3 | 1 |
_aعمان : _bدار الفكر، _c2002. |
| 300 | _a224صفحة. | ||
| 650 | 1 | 7 | _aقواعد اللغة. |
| 650 | 1 | 7 | _aعلم الصرف. |
| 650 | 1 | 7 | _aالأفعال (نحو). |
| 942 |
_2ddc _cBK |
||
| 999 |
_c5247 _d5247 |
||